000 00300nam a2200097Ia 4500
008 220204s9999 xx 000 0 und d
082 _a519.248:061.3
_bWOR
245 0 _aWorkshop on statistical quality control (SQC) application Part 2
260 _aNew Delhi
_bTQM consultants India Pvt Ltd
942 _cBK
999 _c43777
_d43777